Memoria acerca del estado del Instituto Provincial de 2ª Enseñanza de Guadalajara que en el acto solemne de la apertura del curso académico de 1884 a 1885 / (Record no. 161778)

MARC details
000 -LEADER
campo de control de longitud fija 00817nam a22001695i 4500
001 - NÚMERO DE CONTROL
campo de control 161778
003 - IDENTIFICADOR DE NÚMERO DE CONTROL
campo de control ES-MaACL
005 - FECHA Y HORA DE LA ÚLTIMA TRANSACCIÓN
campo de control 20230906212346.0
008 - DATOS DE LONGITUD FIJA--INFORMACIÓN GENERAL
campo de control de longitud fija 961023s1885 sp |||| | spa d
040 ## - FUENTE DE CATALOGACIÓN
Centro catalogador/agencia de origen CLM
Lengua de catalogación spa
Centro/agencia transcriptor CLM
100 1# - ENTRADA PRINCIPAL--NOMBRE DE PERSONA
Nombre de persona Pérez de Arce y Zubiaur, Facundo.
9 (RLIN) 131482
245 10 - MENCIÓN DEL TÍTULO
Título Memoria acerca del estado del Instituto Provincial de 2ª Enseñanza de Guadalajara que en el acto solemne de la apertura del curso académico de 1884 a 1885 /
Mención de responsabilidad, etc. leyó Facundo Pérez de Arce.
260 ## - PUBLICACIÓN, DISTRIBUCIÓN, ETC.
Lugar de publicación, distribución, etc. Guadalajara :
Nombre del editor, distribuidor, etc. [s.n.],
Fecha de publicación, distribución, etc. 1885 (
Fabricante Imprenta y Encuadernación Provincial)
300 ## - DESCRIPCIÓN FÍSICA
Extensión 61 p. ;
Dimensiones 25 cm.
610 24 - PUNTO DE ACCESO ADICIONAL DE MATERIA--NOMBRE DE ENTIDAD CORPORATIVA
Nombre de entidad corporativa o nombre de jurisdicción como elemento de entrada Instituto Provincial de Segunda Enseñanza de Guadalajara-
Subdivisión de forma Memorias y balances.
9 (RLIN) 134536
852 ## - LOCALIZACIÓN
Ubicación ES-MaACL
Número de control de estantería T-438-F-3
Nota libre -- Enc. hol.
condición física -- Falto de la cub. original
Nota libre -- Enc. en un vol. facticio
Holdings
Estatus retirado Estado de pérdida Estado de daño No para préstamo Colección Biblioteca de origen Biblioteca actual Ubicación en estantería Fecha de adquisición Total de préstamos Signatura topográfica completa Código de barras Visto por última vez Precio de reemplazo Tipo de ítem Koha
        Colección de folletos Biblioteca del Ateneo de Madrid Biblioteca del Ateneo de Madrid Depósito folletos 17/01/2008   T-438-F-3 1169464 23/02/2023 23/02/2023 Folleto